| 000 | 01436cam a2200301Mi 4500 | ||
|---|---|---|---|
| 003 | URS | ||
| 005 | 20221125082327.0 | ||
| 008 | 220624s2022 ag ob f000 0 spa d | ||
| 040 |
_aARFGC _beng _erda _cARFGC _dJSTOR _dOCLCF _cURS |
||
| 020 |
_a9789878131177 _q(electronic bk.) |
||
| 020 |
_a9878131173 _q(electronic bk.) |
||
| 050 | 4 |
_aJL960 _b.P658 2022 |
|
| 245 | 0 | 0 |
_aPolítica, afectos e identidades en América Latina / _cLuciana Anapios y Claudia Hammerschmidt (coords.). |
| 264 | 1 |
_a[San Martín, Provincia de Buenos Aires, Argentina] : _bUNSAM ; _a[Jena, Germany] : _bFriedrich-Schiller-Universitat Jena ; _a[Bonn, Germany] : _bBundesministerium für Bildung und Forschung ; _a[Zapopan, Mexico] : _bCALAS, Maria Sibylla Merian Center ; _aBuenos Aires : _bCLACSO, _cfebrero de 2022. |
|
| 300 | _a1 online resource (470 pages) | ||
| 336 |
_atext _2rdacontent |
||
| 337 |
_acomputer _2rdamedia |
||
| 338 |
_aonline resource _2rdacarrier |
||
| 590 |
_aJSTOR _bBooks at JSTOR Open Access |
||
| 651 | 0 |
_aLatin America _xPolitics and government. _0http://id.loc.gov/authorities/subjects/sh85074911 |
|
| 650 | 0 |
_aCrisis management _zLatin America. |
|
| 650 | 7 |
_aCrisis management. _2fast _0(OCoLC)fst00883617 |
|
| 650 | 7 |
_aPolitics and government. _2fast _0(OCoLC)fst01919741 |
|
| 651 | 7 |
_aLatin America. _2fast _0(OCoLC)fst01245945 |
|
| 856 | 4 | 0 | _uhttps://www.jstor.org/stable/10.2307/j.ctv2v88djc |
| 942 |
_2lcc _cE-BOOK |
||
| 994 |
_a92 _bPHURS |
||
| 999 |
_c59978 _d59978 |
||